El reconocimiento de la independencia de México /
Selección de documentos, fechados entre 1821 y 1839, que muestran las acciones de los diplomáticos mexicanos para lograr el reconocimiento de la independencia de su nación, llevadas a cabo en circunstancias desfavorables la mayor de las veces. Procedentes del Archivo Histórico Genaro Estrada de la S...
Na minha lista:
| Autor Corporativo: | |
|---|---|
| Outros Autores: | , |
| Formato: | Livro |
| Idioma: | espanhol |
| Publicado em: |
México :
Secretaría de Relaciones Exteriores, Acervo Histórico Diplomático,
1995, c1995
|
| Colecção: | (Archivo Histórico Diplomático Mexicano) [s/n]
|
| Assuntos: | |
| Tags: |
Sem tags, seja o primeiro a adicionar uma tag!
|
MARC
| LEADER | 00000nam^a2200000^a^4500 | ||
|---|---|---|---|
| 001 | 000143001 | ||
| 005 | 20250521000000.0 | ||
| 009 | 20260310095710.567 | ||
| 020 | |a 968-810-509-0 | ||
| 037 | |a Acervo ITESO - Biblioteca | ||
| 041 | |a ESP | ||
| 082 | |a 972. 04 |b MEX | ||
| 110 | |a México. |b Secretaría de Relaciones Exteriores | ||
| 245 | 1 | 3 | |a El reconocimiento de la independencia de México / |c Coord. e introd. de M.E. López de Roux ; comp. de R. Marín. |
| 264 | 4 | |a México : |b Secretaría de Relaciones Exteriores, Acervo Histórico Diplomático, |c 1995, c1995 | |
| 300 | |a 809 p. | ||
| 336 | |a texto |b txt |2 rdacontenido | ||
| 337 | |a sin mediación |b n |2 rdamedio | ||
| 338 | |a volumen |b nc |2 rdasoporte | ||
| 440 | 1 | |a (Archivo Histórico Diplomático Mexicano) [s/n] | |
| 520 | |a Selección de documentos, fechados entre 1821 y 1839, que muestran las acciones de los diplomáticos mexicanos para lograr el reconocimiento de la independencia de su nación, llevadas a cabo en circunstancias desfavorables la mayor de las veces. Procedentes del Archivo Histórico Genaro Estrada de la Secretaría de Relaciones Exteriores de México (SRE), los documentos se refieren a tareas diplomáticas desarrolladas con los gobiernos de Estados Unidos, Argentina, Brasil, Colombia, Chile, Perú, Inglaterra, Prusia, las Ciudades Hanseáticas -federación comercial de varias urbes del norte de Alemania-, los Países Bajos, Francia, el Vaticano, España y Cerdeña. | ||
| 649 | |a XX | ||
| 650 | |a Reconocimiento (Derecho Internacional) | ||
| 650 | |a Independencia Política - |z México | ||
| 650 | |a Autonomía Política - |z México | ||
| 650 | |a Soberanía - |z México | ||
| 650 | |a Secretaría de Relaciones Exteriores - |z México - |x Historia | ||
| 650 | |a Política Exterior - |z México - |x Historia | ||
| 650 | |a Diplomacia | ||
| 650 | |a Política Internacional | ||
| 650 | |a México - |x Historia - |x Documentos | ||
| 650 | |a México - |x Historia - |y Regencia e Imperio, 1821-1823 | ||
| 650 | |a México - |x Historia - |y Poder Ejecutivo, 1823-1824 | ||
| 650 | |a México - |x Historia - |y Federalismo y Centralismo, 1824-1853 | ||
| 650 | |a México - |x Historia - |y Siglo XIX | ||
| 650 | |a América - |x Historia - |x Documentos | ||
| 650 | |a América - |x Historia - |y Siglo XIX | ||
| 650 | |a Europa - |x Historia - |x Documentos | ||
| 650 | |a Europa - |x Historia - |y 1789-1900 | ||
| 650 | |a Europa - |x Historia - |y Siglo XIX | ||
| 700 | |a López de Roux, María Eugenia |e (coordinación) | ||
| 700 | |a Marín, Roberto |e (compilación) | ||
| 910 | |a Fondo General | ||
| 920 | |a Impresos - Libros | ||
| 930 | |a Colección General | ||
| 905 | |a 101 | ||
| 901 | |a 0500071608 |b IT1 |c ACC |u 20250521 | ||
| 902 | |a https://opac.biblio.iteso.mx/vufind/Record/000143001 | ||